00892nam a2200265 a 4500001001300000003000900013005001700022008004100039020001000080082001700090100001400107245004700121260004100168300000900209500003500218505001500253650002300268700001400291902000800305942000700313952009700320952009700417952009700514999001500611nice12345678IN_TiNIC20260116011849.0050524s1916 weia grp 000 0 ger  ac10000a181.07bHOR5 aHorten, M aDie Religiose Gedanken Welt Der Gebildeten aWeimarbVerlag Von Emil Felberc1916 a184p aincludes index and biblioraphy2 aIll, Index aPhilosophy-Islamic1 aHorten, M bSRS cBK 00104070aHMIbHMId0000-00-00g100.00l0o181.07 HOR5p6839r0000-00-00w2026-01-16yARB 00104070aHMIbHMId0000-00-00g100.00l0o181.07 HOR5p6840r0000-00-00w2026-01-16yARB 00104070aHMIbHMId0000-00-00g100.00l0o181.07 HOR5p6841r0000-00-00w2026-01-16yARB c4548d4548